| 000 | 00547nam a22001697a 4500 | ||
|---|---|---|---|
| 003 | OSt | ||
| 005 | 20240403164049.0 | ||
| 008 | 240403b |||||||| |||| 00| 0 eng d | ||
| 040 | _cCentral Library MRSPTU | ||
| 041 | _aPunjabi | ||
| 100 | _aKhushwant Bargari | ||
| 245 |
_aPracheen Bharti Sabyachar (ਪ੍ਰਾਚੀਨ ਭਾਰਤੀ ਸੱਭਿਆਚਾਰ : ਸ਼ਰਧਾ ਤੋਂ ਸਚਾਈ ਤੱਕ) _bSardha To Sachai Takk |
||
| 250 | _a1st | ||
| 260 |
_aBarnala _bTarkbharti Parkashan _c2004 |
||
| 300 | _a72 | ||
| 942 |
_2ddc _cBK _n0 |
||
| 999 |
_c9982 _d9982 |
||